000 00567nam a22001937a 4500
003 LK-CoDNM
005 20250205130452.0
008 250205b |||||||| |||| 00| 0 eng d
040 _aLK-CoDNM
_dLK-CoDNM
_eLK-CoDNM
041 _aeng
080 _a75
_bD1
100 _aJerdon,T.C
245 _aIllustrations of Indian ornithology
_bcontaining fifty figures of new unfigured and interesting species of birds
260 _aMadras
_bP.R.Hunt,American mission press
_c1847
300 _a115p. : ill ; 32 cm
650 _aAnimals
650 _aBirds
942 _cBK
999 _c237777
_d237777